Introduction to advertising, (Record no. 61931)
[ view plain ]
| 000 -LEADER | |
|---|---|
| fixed length control field | 00750nam a2200241 a 4500 |
| 001 - CONTROL NUMBER | |
| control field | 61931 |
| 003 - CONTROL NUMBER IDENTIFIER | |
| rucl marc code | BD-RjUL |
| 005 - DATE AND TIME OF LATEST TRANSACTION | |
| control field | 20211209081024.0 |
| 008 - FIXED-LENGTH DATA ELEMENTS--GENERAL INFORMATION | |
| fixed length control field | 170122s1954 enk 001 0 eng |
| 035 ## - SYSTEM CONTROL NUMBER | |
| System control number | (BD-RjUL)62056 |
| 040 ## - CATALOGING SOURCE | |
| Original cataloging agency | DLC |
| Transcribing agency | TxEU |
| Modifying agency | BD-RjUL |
| Language of cataloging | eng |
| 041 ## - LANGUAGE CODE | |
| Language code of text/sound track or separate title | eng |
| 082 ## - DEWEY DECIMAL CLASSIFICATION NUMBER | |
| Edition number | 23 |
| Classification number | 659.1 |
| Author mark and year | BRI 1954 |
| 100 1# - MAIN ENTRY--PERSONAL NAME | |
| Personal name | Brewster, Arthur Judson, |
| Dates associated with a name | 1875- |
| 9 (RLIN) | 184335 |
| 245 10 - TITLE STATEMENT | |
| Title | Introduction to advertising, |
| Statement of responsibility, etc. | by Arthur Judson Brewster ... and Herbert Hall Palmer ... |
| 250 ## - EDITION STATEMENT | |
| Edition statement | 3rd ed. |
| 260 ## - PUBLICATION, DISTRIBUTION, ETC. (IMPRINT) | |
| Place of publication, distribution, etc. | New York : |
| Name of publisher, distributor, etc. | McGraw-Hill book company, inc., |
| Date of publication, distribution, etc. | 1931. |
| 300 ## - PHYSICAL DESCRIPTION | |
| Pagination | xv, 389 p. : |
| Illustrations | ill. ; |
| Size | 21 cm. |
| 500 ## - GENERAL NOTE | |
| General note | Include index |
| 650 #0 - SUBJECT ADDED ENTRY--TOPICAL TERM | |
| Topical term or geographic name as entry element | Advertising. |
| 9 (RLIN) | 184262 |
| 700 1# - ADDED ENTRY--PERSONAL NAME | |
| Personal name | Palmer, Herbert Hall, |
| Relator term | joint author. |
| 942 ## - ADDED ENTRY ELEMENTS (KOHA) | |
| Source of classification or shelving scheme | Dewey Decimal Classification |
| Koha item type | Books |
| Lost status | Source of classification or shelving scheme | Damaged status | Not for loan | Collection code | Permanent Location | Current Location | Shelving location | Date acquired | Source of acquisition | Cost, normal purchase price | Total Checkouts | Full call number | Date last seen | Copy number | Koha item type |
|---|---|---|---|---|---|---|---|---|---|---|---|---|---|---|---|
| Dewey Decimal Classification | Not For Loan | Non-fiction | Central Library, University of Rajshahi | Central Library, University of Rajshahi | Reading Room | 03/12/1962 | Zeitlinger | 56.00 | 659.1 BRI 1954 | 22/01/2017 | C-1 | Books |